00340nam a2200109Ia 4500008004100000020001800041100002000059245006100079260004000140300002400180650002600204191129s9999 xx 000 0 und d a9781472951373 aBurrett, Martin cMartin Burretta100 Ideas for primary teachers:bcoding/ aLondon:bBloomsbury Educationc2018 ax, 118 p. ;c20 cm. aEducation -- teaching